000 00953nam a2200277Ia 4500
003 OSt
005 20221005110649.0
006 a|||||r|||| 00| 0
007 ta
008 221004b |||||||| |||| 00| 0 hin d
020 _a9788126720545 (hbk)
_c 200
024 _a33843
037 _bGift, 04/10/2017,
_cTextual
040 _aCRL
_cCRL
_bhin
041 _2hin
_ahin
082 _aO152,3N28,AR, Q1
100 _aझुनझुनवाला, शीला, ले.
245 0 _aअर्थचक्र
246 _aArthachakra
260 _aनई दिल्ली
_bराजकमल प्रकाशन भारत
_c2011
300 _a135पृ0
_ccm.
650 _a हिन्दी साहित्य
650 _aहिन्दी कहानी
942 _hO152,3N28,AR, Q1
_cTEXL
_2cc
999 _c1019516
_d1019516